[Event "DSIM-Finale"]
[Site "T#645894Emanuel Laske"]
[Date "2020.05.09"]
[Round "11"]
[White "Nikolas Lubbe"]
[Black "Vincent Keymer"]
[Result "1/2-1/2"]
[WhiteElo "1620"]
[BlackElo "2243"]
[Annotator "TA"]
[PlyCount "129"]
[EventDate "2020.05.09"]
[EventType "tourn (blitz)"]

{[%evp 9,129,-24,0,0,0,0,0,0,0,0,0,-2,10,7,0,0,0,0,105,81,94,94,146,130,640,629,640,629,827,822,1709,1705,1716,1695,1546,491,666,676,631,376,368,364,416,417,388,403,426,422,457,448,435,442,450,380,419,430,631,622,599,576,540,515,621,614,614,594,580,567,580,529,578,551,502,445,445,391,416,416,316,8,8,8,8,8,8,8,41,-8,-8,-8,0,-386,-386,-356,-244,-29972,-29970,-29974,-29975,-29975,-29976,-29976,-29976,-5122,0,0,0,0,0,0,0,0,0,0,0,0,0,0,0,0,0,0]} 1. d4 Nf6 2. Nc3 d5 3. Bf4 a6 4. e3 Bf5 5. f3 e6 6. g4 {D00: 1 d4 d5: Unusual lines.} Bg6 7. h4 h5 8. g5 Nfd7 9. Bd3 Bxd3 10. Qxd3 c5 11. g6 $36 {[%mdl 2048] White is more active.} f6 12. Nge2 Nc6 13. O-O-O {[#]} b5 $146 (13... Nb6 $11) ({Predecessor:} 13... Nb6 14. a3 Bd6 15. e4 Nxd4 16. Bxd6 Qxd6 17. Nxd4 cxd4 18. Qxd4 e5 19. Qd3 d4 {½-½ (56) Pershin,D (2322)-Schekachikhin,M (2395) St Petersburg 2017}) 14. Nxd5 $1 $16 exd5 15. Qf5 $1 {[%cal Rf5e6] aiming for Qe6+.} Ne7 {[#]} ({Black should play} 15... Qe7) 16. Qe6 $1 {[%csl Gg6][%cal Re6f7][%mdl 512]} Qb6 $2 {[%mdl 8192]} (16... Nb8 $16) 17. Qf7+ $1 $18 ({Not} 17. Bd6 c4 $16) 17... Kd8 18. dxc5 Qxc5 {Black wants to play ...Ne5.} 19. Nd4 {White threatens Ne6+ and mate.} Kc8 20. Qe8+ Kb7 21. Qxd7+ Kb6 22. Qe6+ (22. a4 $142 {White wants to mate with b4!} bxa4 23. Rd3) 22... Nc6 23. Rd3 b4 24. Nxc6 Qxc6 25. Qxd5 Bc5 26. Qxc6+ Kxc6 27. Rhd1 Ra7 28. Rd5 a5 29. R1d3 a4 30. Kd2 Rb7 31. Bd6 Ba7 32. a3 Rd8 (32... bxa3 $142 33. Bxa3 Rc7) 33. e4 Rbd7 {[%cal Rd7d6]} 34. Bxb4 Rxd5 35. exd5+ Rxd5 36. Rxd5 Kxd5 {[%mdl 4096] Endgame KB-KB} 37. Bf8 Ke6 38. Bxg7 Kf5 39. Ke2 Bc5 {[#]} 40. Bh6 $1 Kxg6 41. Be3 Bd6 42. c4 Kf5 43. c5 Be5 44. Bc1 $2 (44. Kd3 $18) 44... Ke6 $11 45. Kd3 Bg3 46. Kc4 {Strongly threatening Kb4.} Bxh4 47. Bf4 {And now c6 would win.} Kd7 48. Kd5 {Hoping for c6+.} Bf2 49. c6+ Kc8 {...h4 is the strong threat.} 50. Ke4 $2 {[%mdl 8192] [#]} (50. Ke6 $11 h4 51. Kxf6) 50... h4 $1 $19 51. Bh2 {intending Bd6.} Bg3 52. Bxg3 $2 (52. Bg1 $19) 52... hxg3 {KP-KP} 53. Ke3 Kc7 54. f4 Kxc6 {K3P-K3P} 55. Kf3 Kc5 56. Kxg3 {K3P-KPP} Kc4 $2 (56... Kd4 $19 57. Kf2 f5) 57. Kg4 $1 $11 {The position is equal.} Kb3 58. Kf5 Kxb2 59. Kxf6 Kxa3 {White must now prevent ...Kb3. KP-KP} 60. Ke7 Kb3 (60... Kb2 $5) 61. f5 a3 62. f6 a2 63. f7 a1=Q 64. f8=Q Qa7+ 65. Ke8 {Never resign too early! Accuracy: White = 76%, Black = 64%.} 1/2-1/2

[Event "DSIM-Finale"]
[Site "T#645894Emanuel Laske"]
[Date "2020.05.09"]
[Round "12"]
[White "Georg Meier"]
[Black "Nikolas Lubbe"]
[Result "1/2-1/2"]
[WhiteElo "2555"]
[BlackElo "1620"]
[Annotator "TA"]
[PlyCount "71"]
[EventDate "2020.05.09"]
[EventType "tourn (blitz)"]

{[%evp 16,71,18,24,14,0,0,0,0,0,0,-6,0,-20,-29,-14,-22,-16,0,-31,-51,-48,0,0,0,0,0,0,0,0,31,21,30,31,87,15,14,0,0,0,6,0,0,0,0,0,0,0,0,0,0,0,0,0,0,0,0,0]} 1. Nf3 d5 2. g3 Nf6 3. Bg2 e6 4. O-O Be7 5. c4 O-O 6. d4 c6 7. Nc3 b6 8. b3 a5 9. Bb2 Ba6 {A14: English Opening: 1...e6 with b3 by White.} 10. Qd3 b5 {[#]} 11. cxb5 $146 ({Predecessor:} 11. Nd2 bxc4 12. bxc4 dxc4 13. Nxc4 Nd5 14. Na4 Nd7 15. Qc2 Nb4 16. Qb3 Rb8 17. a3 {1-0 (43) Oliva Castaneda,K (2470)-Gomez Jurado,L (2307) Sabadell 2019}) 11... cxb5 12. Nxb5 Nc6 {[#] ...Nb4 is the strong threat.} (12... Qb6 $5 13. a4 $8 Nc6 $11) 13. a4 Nb4 14. Qd1 Bxb5 15. axb5 Qb6 16. Ne5 Qxb5 17. e3 Rfc8 18. Rc1 Nd7 19. Nxd7 Qxd7 20. Qe2 Rab8 21. Rfd1 Rxc1 22. Rxc1 Na2 23. Ra1 Nb4 24. Rxa5 Nc6 (24... Qc7 $14 25. Ra1 g6) 25. Ra6 (25. Rb5 $16) 25... g6 $11 {The position is equal.} 26. Bf1 Rxb3 27. Qc2 Qb7 (27... Rb8 {looks sharper.} 28. Ra1 Rb6 29. Qc1 Qc8 30. Be2 Rb3) 28. Qxc6 (28. Bc1 {seems wilder.} Nb8 29. Ra2 Nd7 30. Ba6 Qb4 31. Bd2) 28... Qxc6 29. Rxc6 {[#] aiming for Bc1.} Rxb2 {[%mdl 4096] Endgame KRB-KRB} 30. Bd3 Bb4 31. Kf1 Rb3 32. Be2 Rb1+ 33. Kg2 Rb2 34. Kf1 Rb1+ 35. Kg2 Rb2 36. Kf1 {Accuracy: White = 88%, Black = 86%.} 1/2-1/2

[Event "DSIM-Finale"]
[Site "T#645894Emanuel Laske"]
[Date "2020.05.09"]
[Round "12"]
[White "Lizzy Paehtz"]
[Black "Daniel Hausrath"]
[Result "0-1"]
[WhiteElo "2427"]
[BlackElo "1620"]
[Annotator "TA"]
[PlyCount "42"]
[EventDate "2020.05.09"]
[EventType "tourn (blitz)"]

{[%evp 12,42,38,38,21,28,35,22,22,-32,-24,-29,-22,-37,-10,-33,6,-98,-106,-125,-140,-158,-144,-125,-96,-100,-83,-262,-249,-307,-250,-407,-372]} 1. d4 Nf6 2. Nf3 g6 3. Bg5 Bg7 4. Nbd2 O-O 5. c3 b6 6. e4 d6 7. Bc4 Bb7 {A48: 1 d4 Nf6 2 Nf3 g6: Torre, London and Colle Systems.} 8. Qe2 h6 9. Bh4 Nh5 {[#] The position is equal.} 10. Bg3 $146 ({Better is} 10. O-O $11) ({Predecessor:} 10. O-O c5 11. Rfe1 a6 12. Qe3 Qc7 13. Bf1 Nd7 {½-½ (13) Mantovani,R (2419)-Efimov,I (2445) Saint Vincent 1999}) 10... e6 $15 11. O-O-O a6 12. Kb1 b5 13. Bd3 Nc6 14. Nf1 (14. a3 $11 {keeps the balance.}) 14... b4 $17 15. Ne3 bxc3 16. bxc3 Rb8 17. Ka1 Qd7 18. Rb1 {[#]} ({Of course not} 18. Bxa6 $6 Bxa6 19. Qxa6 Ra8 $15) 18... Na5 $1 19. Nc2 $2 (19. Rb2 $17) 19... c5 $19 20. Nd2 cxd4 21. Nxd4 $2 (21. cxd4 Qc7 22. a3) 21... Rfc8 {Accuracy: White = 40%, Black = 81%.} 0-1

[Event "DSIM-Finale"]
[Site "T#645894Emanuel Laske"]
[Date "2020.05.09"]
[Round "12"]
[White "Alex Donchenko"]
[Black "Matthias Blübaum"]
[Result "1-0"]
[WhiteElo "1697"]
[BlackElo "1620"]
[Annotator "NA RC"]
[PlyCount "67"]
[EventDate "2020.05.09"]
[EventType "tourn (blitz)"]

1. d4 {[%emt 0:00:04]} d5 {[%emt 0:00:01]} 2. c4 {[%emt 0:00:01]} c6 {[%emt 0:00:00]} 3. Nf3 {[%emt 0:00:01]} Nf6 {[%emt 0:00:01]} 4. e3 {[%emt 0:00:01]} Bf5 {[%emt 0:00:01]} 5. Nc3 {[%emt 0:00:01]} e6 {[%emt 0:00:00]} 6. Nh4 {[%emt 0:00:01]} Be4 {[%emt 0:00:00]} 7. f3 {[%emt 0:00:01]} Bg6 {[%emt 0:00:00]} 8. Bd2 {[%emt 0:00:01]} Be7 {[%emt 0:00:01]} 9. Nxg6 {[%emt 0:00:01]} hxg6 {[%emt 0:00:00]} 10. Qc2 {[%emt 0:00:01]} a6 {[%emt 0:00:10]} 11. c5 {[%emt 0:00:01]} Nbd7 {[%emt 0:00:28]} 12. O-O-O {[%emt 0:00:01]} b6 {[%emt 0:00:05]} 13. cxb6 {[%emt 0:00:01]} Nxb6 {[%emt 0:00:05]} 14. Na4 {[%emt 0:00:06]} Nfd7 {[%emt 0:00:21]} 15. Ba5 {[%emt 0:00:03]} Qc7 {[%emt 0:00:11]} 16. Kb1 {[%emt 0:00:03]} Qb7 {[%emt 0:00:07]} 17. Nxb6 {[%emt 0:00:02]} Nxb6 {[%emt 0:00:00]} 18. Rc1 {[%emt 0:00:04]} Rc8 {[%emt 0:00:14]} 19. Qb3 {[%emt 0:00:15]} Rb8 {[%emt 0:00:05]} 20. Bd3 {[%emt 0:00:02]} O-O {[%emt 0:00:02]} 21. h4 {[%emt 0:00:06]} Rfc8 {[%emt 0:00:03]} 22. h5 {[%emt 0:00:04]} gxh5 {[%emt 0:00:05]} 23. Rxh5 {[%emt 0:00:03]} g6 {[%emt 0:00:00]} 24. Rhh1 {[%emt 0:00:11]} Qa7 {[%emt 0:00:05]} 25. Qc2 {[%emt 0:00:21]} Kg7 {[%emt 0:00:09]} 26. g4 {[%emt 0:00:07]} Nd7 {[%emt 0:00:06]} 27. Rh3 {[%emt 0:00:45]} c5 {[%emt 0:00:46]} 28. Rch1 {[%emt 0:00:02]} Nf6 {[%emt 0:00:12]} 29. dxc5 {[%emt 0:00:04]} Qxc5 {[%emt 0:00:07]} 30. Qh2 {[%emt 0:00:13]} Qxa5 {[%emt 0:00:06]} 31. Rh7+ {[%emt 0:00:02]} Kf8 {[%emt 0:00:00]} 32. Rh8+ {[%emt 0:00:01]} Ng8 {[%emt 0:00:01]} 33. Rxg8+ {[%emt 0:00:01]} Kxg8 {[%emt 0:00:02]} 34. Qh8# {[%emt 0:00:00] (Lag: Av=0.27s, max=0.3s)} 1-0

[Event "DSIM-Finale"]
[Site "T#645894Emanuel Laske"]
[Date "2020.05.09"]
[Round "12"]
[White "Ilja Schneider"]
[Black "Jonas Eilenberg"]
[Result "1-0"]
[WhiteElo "1620"]
[BlackElo "1620"]
[Annotator "NA RC"]
[PlyCount "81"]
[EventDate "2020.05.09"]
[EventType "tourn (blitz)"]

1. d4 {[%emt 0:00:02]} d5 {[%emt 0:00:01]} 2. c4 {[%emt 0:00:01]} e6 {[%emt 0:00:01]} 3. Nf3 {[%emt 0:00:00]} c6 {[%emt 0:00:01]} 4. e3 {[%emt 0:00:01]} Nf6 {[%emt 0:00:02]} 5. b3 {[%emt 0:00:02]} Nbd7 {[%emt 0:00:02]} 6. Bb2 {[%emt 0:00:01]} Bd6 {[%emt 0:00:02]} 7. Bd3 {[%emt 0:00:01]} O-O {[%emt 0:00:01]} 8. O-O {[%emt 0:00:01]} Qc7 {[%emt 0:00:11]} 9. Nc3 {[%emt 0:00:14]} e5 {[%emt 0:00:07]} 10. cxd5 {[%emt 0:00:04]} Nxd5 {[%emt 0:00:10]} 11. Nxd5 {[%emt 0:00:04]} cxd5 {[%emt 0:00:00]} 12. Rc1 {[%emt 0:00:01]} Qb8 {[%emt 0:00:01]} 13. dxe5 {[%emt 0:00:02]} Nxe5 {[%emt 0:00:00]} 14. Nxe5 {[%emt 0:00:02]} Bxe5 {[%emt 0:00:00]} 15. Bxh7+ {[%emt 0:00:07]} Kxh7 {[%emt 0:00:04]} 16. Qh5+ {[%emt 0:00:02]} Kg8 {[%emt 0:00:05]} 17. Bxe5 {[%emt 0:00:01]} Bg4 {[%emt 0:00:09]} 18. Qg5 {[%emt 0:00:17]} f6 {[%emt 0:00:04]} 19. Bxf6 {[%emt 0:00:11]} Rxf6 {[%emt 0:00:06]} 20. Qxg4 {[%emt 0:00:01]} Qd8 {[%emt 0:00:23]} 21. Rfd1 {[%emt 0:00:05]} Qf8 {[%emt 0:00:14]} 22. Rxd5 {[%emt 0:00:35]} Rxf2 {[%emt 0:00:09]} 23. Qe6+ {[%emt 0:00:01]} Rf7 {[%emt 0:00:05]} 24. Rd7 {[%emt 0:00:18]} Re8 {[%emt 0:00:11]} 25. Qxf7+ {[%emt 0:00:01]} Qxf7 {[%emt 0:00:01]} 26. Rxf7 {[%emt 0:00:00]} Kxf7 {[%emt 0:00:00]} 27. Rc7+ {[%emt 0:00:01]} Kg6 {[%emt 0:00:02]} 28. Rxb7 {[%emt 0:00:01]} Rxe3 {[%emt 0:00:01]} 29. Rxa7 {[%emt 0:00:01]} Re2 {[%emt 0:00:02]} 30. h3 {[%emt 0:00:01]} Rb2 {[%emt 0:00:02]} 31. Kh2 {[%emt 0:00:01]} Kh6 {[%emt 0:00:02]} 32. Ra4 {[%emt 0:00:01]} Kh5 {[%emt 0:00:07]} 33. b4 {[%emt 0:00:01]} g5 {[%emt 0:00:02]} 34. a3 {[%emt 0:00:03]} Rb3 {[%emt 0:00:15]} 35. Ra5 {[%emt 0:00:03]} Kh4 {[%emt 0:00:06]} 36. b5 {[%emt 0:00:02]} Rb2 {[%emt 0:00:34]} 37. Ra4+ {[%emt 0:00:02]} Kh5 {[%emt 0:00:04]} 38. Rb4 {[%emt 0:00:01]} Ra2 {[%emt 0:00:05]} 39. b6 {[%emt 0:00:01]} g4 {[%emt 0:00:24]} 40. hxg4+ {[%emt 0:00:03]} Kh4 {[%emt 0:00:03]} 41. b7 {[%emt 0:00:03] Jonas Eilenberg gibt auf (Lag: Av=0.95s, max=3.0s)} 1-0

[Event "DSIM-Finale"]
[Site "T#645894Emanuel Laske"]
[Date "2020.05.09"]
[Round "12"]
[White "Luis Engel"]
[Black "Roven Vogel"]
[Result "1-0"]
[WhiteElo "1620"]
[BlackElo "2465"]
[Annotator "TA"]
[PlyCount "75"]
[EventDate "2020.05.09"]
[EventType "tourn (blitz)"]

{[%evp 12,75,-20,-20,8,0,2,-3,22,14,17,0,10,8,9,2,12,-10,38,0,0,0,10,20,91,84,147,145,253,207,406,334,318,325,286,264,318,310,307,197,190,187,223,192,434,264,272,262,372,333,351,357,341,341,1095,1077,1214,1211,1194,1178,1177,1162,1162,1126,5165,1384]} 1. e4 e5 2. Nf3 Nc6 3. Nc3 Nf6 4. Be2 d5 5. exd5 Nxd5 6. O-O Nxc3 7. bxc3 Bd6 {C47: Scotch Four Knights and Four Knights with 4 g3.} (7... e4 $5 {[%cal Re4f3]} 8. Ne1 Bf5 $11) 8. d4 O-O 9. Re1 h6 {The position is equal.} 10. Bd3 {[%cal Rd4e5]} Qf6 11. Rb1 Bg4 {[%cal Re5d4]} 12. Be4 $36 {[%mdl 2048] White has good play.} Rab8 {[#]} 13. Bb2 $146 ({Predecessor:} 13. h3 Bxf3 14. Bxf3 exd4 15. Bxc6 bxc6 16. Rxb8 Rxb8 17. cxd4 Qf5 18. c3 Rb1 19. Qe2 {0-1 (46) Engel,R (2054)-Keller,P (2279) Vellmar 2019}) 13... Rfe8 14. h3 Bh5 15. Qd3 exd4 16. cxd4 Nb4 17. Qb3 a5 (17... Bxf3 $11 18. Qxf3 (18. Bxf3 Qf5 $11) 18... Qxf3 19. gxf3 Na6) 18. Ne5 $16 {White stays focused until the end.} Bxe5 ({Black should try} 18... Qe6) 19. dxe5 Qg5 (19... Qb6 $16 20. a3 Na6) 20. Re3 Bg6 $2 (20... Kh8 {is a better defense.} 21. e6 Rxe6) 21. Rg3 Bxe4 22. Rxg5 hxg5 23. Qe3 Bxc2 24. Rc1 Bg6 25. Qxg5 {Black must now prevent f4.} Nd3 26. Rc2 c5 27. Bc3 {[#] Hoping for Re2.} a4 $2 (27... Nf4) 28. h4 {Strongly threatening h5.} Re6 29. Rd2 b5 (29... Bh7 {might work better.} 30. f4 Rg6) 30. f4 $18 b4 {[#]} 31. Ba1 $1 c4 {aiming for ...c3.} 32. f5 {[%mdl 64] Double Attack} c3 $2 (32... Bxf5 33. Qxf5 b3) 33. Rxd3 {White is clearly winning.} Rxe5 34. Rd8+ Rxd8 35. Qxd8+ Kh7 36. fxg6+ fxg6 37. Qd1 b3 38. axb3 {Accuracy: White = 82%, Black = 40%.} 1-0

[Event "DSIM-Finale"]
[Site "T#645894Emanuel Laske"]
[Date "2020.05.09"]
[Round "12"]
[White "Rasmus Svane"]
[Black "Christian Braun"]
[Result "1/2-1/2"]
[WhiteElo "1620"]
[BlackElo "2637"]
[Annotator "TA"]
[PlyCount "42"]
[EventDate "2020.05.09"]
[EventType "tourn (blitz)"]

{[%evp 15,42,27,66,59,70,56,64,54,57,56,63,41,55,72,68,14,62,58,64,44,71,35,45,31,38,16,27,0,-11]} 1. Nf3 Nf6 2. g3 g6 3. Bg2 Bg7 4. O-O O-O 5. d4 c6 6. c4 d6 7. Nc3 Qa5 8. e4 Be6 9. d5 {E62: King's Indian: Fianchetto: 6...c6 and Panno Variation (6...Nc6) without ...a6.} Bg4 10. h3 Bxf3 11. Bxf3 {White is slightly better.} Nfd7 12. Bd2 Rc8 {[#]} 13. Rc1 $146 ({Predecessor:} 13. Be2 Qb6 14. Rb1 a5 15. Be3 Qc7 16. Bd4 Bxd4 17. Qxd4 Qd8 18. Kg2 Qf8 19. Bg4 cxd5 20. exd5 {1-0 (58) Blagojevic,D (2480)-Arsovic,G (2475) Vrnjacka Banja 1998}) 13... Qd8 14. b3 a5 15. Qc2 (15. Qe2 $14) 15... Na6 16. Qb1 Nac5 17. Kg2 Qb6 18. Be2 e6 19. dxe6 Nxe6 20. Rcd1 Re8 21. Qc1 Ndc5 {Accuracy: White = 74%, Black = 84%.} 1/2-1/2

[Event "DSIM-Finale"]
[Site "T#645894Emanuel Laske"]
[Date "2020.05.09"]
[Round "13"]
[White "Christian Braun"]
[Black "Alex Donchenko"]
[Result "1-0"]
[WhiteElo "2637"]
[BlackElo "1697"]
[Annotator "TA"]
[PlyCount "77"]
[EventDate "2020.05.09"]
[EventType "tourn (blitz)"]

{[%evp 19,77,-24,8,4,18,12,15,1,25,27,25,17,33,17,22,19,22,16,48,42,78,74,87,64,49,39,47,49,60,52,101,84,90,82,145,144,126,129,181,181,179,171,159,148,354,343,347,341,399,405,431,385,554,531,507,506,591,575,927,575]} 1. e4 c5 2. Nf3 d6 3. d3 Nc6 4. g3 g6 5. Bg2 Bg7 6. O-O e5 7. c3 Nge7 8. a3 O-O 9. b4 h6 10. Nbd2 Be6 11. b5 {11.Nb3 gains popularity. A04: Unusual lines after 1 Nf3 and King's Indian Attack.} Nb8 {[#]} 12. c4 $146 ({Predecessor:} 12. Bb2 Nd7 13. Qe2 a6 14. a4 d5 15. Rfb1 d4 16. Nc4 Bxc4 17. dxc4 Re8 18. Nd2 Nc8 {½-½ (34) Owens,J (2113)-Jacobs,R (2382) ICCF email 2016}) 12... Nd7 13. Bb2 {The position is equal.} Qe8 14. Nb1 f5 15. exf5 gxf5 16. Re1 Qh5 17. Nh4 Qxd1 18. Rxd1 Rab8 19. Re1 d5 20. cxd5 Bxd5 21. Bxd5+ (21. Nd2 {seems wilder.} Bxg2 22. Kxg2 Bf6 23. Nhf3 Ng6 24. Nc4) 21... Nxd5 22. Nc3 Nxc3 23. Bxc3 Rbe8 24. Re2 e4 25. Bxg7 Kxg7 26. Rae1 Ne5 ({Black should try} 26... Kf6 27. dxe4 Rxe4) 27. dxe4 $16 f4 28. Rd1 fxg3 (28... f3 $16 29. Re3 Kg8) 29. hxg3 $18 Rd8 30. Red2 Rxd2 31. Rxd2 {[%mdl 4096] Endgame KRN-KRN} c4 $2 {[#] This move loses the game for Black.} (31... Nf3+ $16 {was worth a try.} 32. Nxf3 Rxf3) 32. f4 Nd3 33. Nf5+ Kg6 34. Nd6 Nc5 35. Rc2 Rd8 (35... Kf6 $142 36. Rxc4 b6) 36. e5 {White is clearly winning.} b6 37. Rxc4 h5 38. f5+ Kg5 39. Nf7+ {[%mdl 64] Double Attack. Accuracy: White = 100%, Black = 41%.} 1-0

[Event "DSIM-Finale"]
[Site "T#645894Emanuel Laske"]
[Date "2020.05.09"]
[Round "13"]
[White "Roven Vogel"]
[Black "Ilja Schneider"]
[Result "1-0"]
[WhiteElo "2465"]
[BlackElo "1620"]
[Annotator "TA"]
[PlyCount "61"]
[EventDate "2020.05.09"]
[EventType "tourn (blitz)"]

{[%evp 17,61,15,17,0,0,0,0,0,0,-2,2,1,18,0,0,0,-6,-22,-33,-52,-10,-63,205,194,222,229,426,142,525,502,666,692,684,685,659,614,1156,755,794,784,656,264,491,477,452,406]} 1. d4 d5 2. Nf3 Nf6 3. c4 c6 4. cxd5 cxd5 5. Nc3 Nc6 6. Bf4 a6 7. e3 Bg4 8. Be2 e6 9. O-O Bd6 10. Bg5 {D13: Slav Defence: Exchange variation without ...Bf5.} h6 11. Bh4 O-O 12. Rc1 {The position is equal.} Rc8 13. Na4 {[#]} Rc7 $146 ({Predecessor:} 13... Qe7 14. Nb6 Rc7 15. a3 g5 16. Bg3 Bxg3 17. hxg3 Bxf3 18. gxf3 e5 19. dxe5 Qxe5 {½-½ (49) Fingerov,D (2347)-Bogdanovich,S (2327) Odessa 2008}) 14. Nc5 Nb8 15. a3 Qe7 16. b4 Rfc8 17. Ne5 Bxe2 18. Qxe2 b6 {White should prevent ...g5.} 19. Ng4 $1 g5 $2 {[%mdl 8192] [#]} (19... bxc5 $15 {keeps the upper hand.} 20. Nxf6+ gxf6 21. dxc5 Qd8) 20. Nxh6+ $18 Kg7 21. Bxg5 Rh8 $2 (21... bxc5 {might work better.} 22. bxc5 Qd8) 22. Nxa6 $2 (22. e4 $18 {aiming for e5.} Rxh6 23. Bxh6+ Kxh6 24. e5) 22... Bxh2+ $2 {[%mdl 8192] This move loses the game for Black.} (22... Nxa6 $16 {is tougher.} 23. g3 (23. Qxa6 Bxh2+ 24. Kxh2 Rxc1 $11) 23... Nb8) 23. Kxh2 Rxc1 24. Rxc1 Nxa6 25. Kg1 {[#] Ng4 is the strong threat.} (25. Qxa6 Ng4+ 26. Kg3 Qxg5 $11) 25... Kg6 26. Bf4 ({Inferior is} 26. Qxa6 Kxg5 27. Rc8 Rxc8 $15) 26... Ne4 27. Qxa6 Qh4 28. Qe2 Ng5 29. Qg4 (29. Bxg5 $142 Qxg5 30. Ng4) 29... Rxh6 $2 (29... Qxh6 30. f3 f5 31. Qxg5+ Qxg5 32. Bxg5 Kxg5) 30. Qxg5+ Qxg5 31. Bxg5 {Accuracy: White = 73%, Black = 52%.} 1-0

[Event "DSIM-Finale"]
[Site "T#645894Emanuel Laske"]
[Date "2020.05.09"]
[Round "13"]
[White "Daniel Hausrath"]
[Black "Luis Engel"]
[Result "1-0"]
[WhiteElo "1620"]
[BlackElo "1620"]
[Annotator "NA RC"]
[PlyCount "101"]
[EventDate "2020.05.09"]
[EventType "tourn (blitz)"]

1. Nf3 {[%emt 0:00:01]} d5 {[%emt 0:00:02]} 2. g3 {[%emt 0:00:02]} Nf6 {[%emt 0:00:01]} 3. Bg2 {[%emt 0:00:01]} e6 {[%emt 0:00:01]} 4. d4 {[%emt 0:00:01]} Be7 {[%emt 0:00:01]} 5. c4 {[%emt 0:00:01]} O-O {[%emt 0:00:01]} 6. Qc2 {[%emt 0:00:01]} c5 {[%emt 0:00:02]} 7. O-O {[%emt 0:00:03]} cxd4 {[%emt 0:00:01]} 8. Nxd4 {[%emt 0:00:06]} e5 {[%emt 0:00:01]} 9. Nf5 {[%emt 0:00:01]} d4 {[%emt 0:00:01]} 10. Nxe7+ {[%emt 0:00:02]} Qxe7 {[%emt 0:00:00]} 11. b3 {[%emt 0:00:04]} Rd8 {[%emt 0:00:06]} 12. Ba3 {[%emt 0:00:03]} Qc7 {[%emt 0:00:01]} 13. Nd2 {[%emt 0:00:03]} Nc6 {[%emt 0:00:04]} 14. Ne4 {[%emt 0:00:11]} Nxe4 {[%emt 0:00:05]} 15. Bxe4 {[%emt 0:00:01]} g6 {[%emt 0:00:01]} 16. Rad1 {[%emt 0:00:04]} Be6 {[%emt 0:00:02]} 17. f4 {[%emt 0:00:06]} f5 {[%emt 0:00:10]} 18. Bg2 {[%emt 0:00:10]} e4 {[%emt 0:00:05]} 19. Bb2 {[%emt 0:00:06]} Rd7 {[%emt 0:00:04]} 20. e3 {[%emt 0:00:15]} Rad8 {[%emt 0:00:07]} 21. exd4 {[%emt 0:00:19]} Nxd4 {[%emt 0:00:02]} 22. Qf2 {[%emt 0:00:11]} Qb6 {[%emt 0:00:22]} 23. Kh1 {[%emt 0:00:12]} Nc6 {[%emt 0:00:12]} 24. Rxd7 {[%emt 0:00:07]} Rxd7 {[%emt 0:00:00]} 25. Qxb6 {[%emt 0:00:27]} axb6 {[%emt 0:00:00]} 26. Bc3 {[%emt 0:00:01]} Rd3 {[%emt 0:00:03]} 27. Rc1 {[%emt 0:00:01]} Kf7 {[%emt 0:00:08]} 28. Bf1 {[%emt 0:00:01]} Rd7 {[%emt 0:00:05]} 29. Kg2 {[%emt 0:00:05]} h6 {[%emt 0:00:11]} 30. h4 {[%emt 0:00:05]} Rd8 {[%emt 0:00:06]} 31. Kf2 {[%emt 0:00:03]} Ra8 {[%emt 0:00:10]} 32. Rc2 {[%emt 0:00:05]} Rg8 {[%emt 0:00:02]} 33. Ke3 {[%emt 0:00:09]} g5 {[%emt 0:00:03]} 34. hxg5 {[%emt 0:00:02]} hxg5 {[%emt 0:00:00]} 35. Be2 {[%emt 0:00:14]} g4 {[%emt 0:00:12]} 36. Bf1 {[%emt 0:00:01]} Rd8 {[%emt 0:00:07]} 37. Rh2 {[%emt 0:00:01]} Kg6 {[%emt 0:00:03]} 38. Be2 {[%emt 0:00:01]} Ra8 {[%emt 0:00:10]} 39. a4 {[%emt 0:00:04]} Na5 {[%emt 0:00:04]} 40. Bd1 {[%emt 0:00:10]} Rd8 {[%emt 0:00:04]} 41. Rd2 {[%emt 0:00:03]} Rxd2 {[%emt 0:00:04]} 42. Kxd2 {[%emt 0:00:01]} Kf7 {[%emt 0:00:02]} 43. Bd4 {[%emt 0:00:03]} b5 {[%emt 0:00:28]} 44. axb5 {[%emt 0:00:02]} Nxc4+ {[%emt 0:00:01]} 45. bxc4 {[%emt 0:00:01]} Bxc4 {[%emt 0:00:00]} 46. b6 {[%emt 0:00:05]} Ke6 {[%emt 0:00:04]} 47. Kc3 {[%emt 0:00:01]} Bb5 {[%emt 0:00:05]} 48. Bb3+ {[%emt 0:00:01]} Ke7 {[%emt 0:00:02]} 49. Bd5 {[%emt 0:00:05]} Ba6 {[%emt 0:00:01]} 50. Bc5+ {[%emt 0:00:03]} Kd7 {[%emt 0:00:01]} 51. Kd4 {[%emt 0:00:01] Luis Engel gibt auf (Lag: Av=0.20s, max=0.6s)} 1-0